| 000 | 01162 a2200241 4500 | ||
|---|---|---|---|
| 003 | OSt | ||
| 005 | 20230720123550.0 | ||
| 008 | 230720b ||||| |||| 00| 0 eng d | ||
| 020 | _a0406176159 | ||
| 040 | _cWIUCH-GH | ||
| 050 | _aPR1285.D41 | ||
| 082 | _a828'.08 | ||
| 100 |
_aDenning, Alfred Thompson _92137 |
||
| 245 |
_aLeaves from my library : an English anthology. / _cLord Denning |
||
| 260 |
_aLondon : _bButterworths, _c1986. |
||
| 300 | _axvii, 256 p. : | ||
| 500 | _aIncludes index | ||
| 505 | _aContents: Four months in 1940 -- England expects -- A pound of flesh -- The dearth of a king -- The great proconsul -- Rebellion in England -- A pure woman -- The trial of a knave -- Seeking salvation -- Preaching Christianity -- Thick fog -- The middle-aged lady -- The power of the press -- The impudent imposter -- The empire-builder -- A country gentleman's recreation -- A curate 's observation -- Set in our North Downs -- Sisters and suitors -- Medieval characters | ||
| 650 |
_aEnglish prose literature _92138 |
||
| 650 |
_aEnglish literature. _92139 |
||
| 650 |
_aEnglish literature -- History and criticism. _92140 |
||
| 942 |
_2lcc _cBK |
||
| 999 |
_c9948 _d17448 |
||